| 000 | 00642cam a22002171 4500 | ||
|---|---|---|---|
| 001 | sa 66007469 | ||
| 003 | DLC | ||
| 005 | 20260227112305.0 | ||
| 008 | 890926s1960 io 000 0 ind | ||
| 010 | _asa 66007469 | ||
| 035 | _a(OCoLC)23544430 | ||
| 040 |
_aDLC _cMiU _dDLC |
||
| 042 | _apremarc | ||
| 050 | 0 | 0 |
_aBV1085.M75 _bF7 1960 |
| 100 | 1 | _aFransz, A. L. | |
| 245 | 1 | 0 |
_aDr. John R. Mott, _bpelopor pekabaran Indjil dan kesatuan Kristen [oleh] A. L. Fransz. |
| 250 | _aTjet. 2. | ||
| 260 |
_a[Djakarta] _bBadan Penerbit Kristen _c[1960] |
||
| 300 |
_a128 p. _bport. _c18 cm. |
||
| 600 | 1 | 0 |
_aMott, John R. _q(John Raleigh), _d1865-1955. |
| 999 |
_c71211 _d71211 |
||